International multilateral negotiation approaches to the management of complexity
Gespeichert in:
| Weitere Verfasser: | |
|---|---|
| Format: | Buch |
| Sprache: | Englisch |
| Veröffentlicht: |
San Francisco
Jossey-Bass Publishers
1994
|
| Schlagworte: | |
| Tags: |
Keine Tags, Fügen Sie das erste Tag hinzu!
|
MARC
| LEADER | 00000nam a2200000 4500 | ||
|---|---|---|---|
| 001 | c115439 | ||
| 005 | 20221123112503.0 | ||
| 020 | |a 1-55542-642-5 | ||
| 041 | 0 | |a eng | |
| 044 | |a US | ||
| 245 | 1 | 0 | |a International multilateral negotiation |b approaches to the management of complexity |c [zodpovedný redaktor: I. William Zartman] |
| 264 | 1 | |a San Francisco |b Jossey-Bass Publishers |c 1994 | |
| 300 | |a 248 s. | ||
| 610 | 2 | 0 | |a multilateralita |
| 610 | 2 | 0 | |a vyjednávanie |
| 610 | 2 | 0 | |a obchod |
| 610 | 2 | 0 | |a stratégia obchodná |
| 610 | 2 | 0 | |a manažment |
| 610 | 2 | 0 | |a rozhodovanie |
| 610 | 2 | 0 | |a teória hier |
| 610 | 2 | 0 | |a dohody |
| 610 | 2 | 0 | |a kooperácia |
| 610 | 2 | 0 | |a manažment |
| 610 | 2 | 0 | |a analýzy |
| 610 | 2 | 0 | |a politika |
| 610 | 2 | 0 | |a ekonómia |
| 610 | 2 | 0 | |a psychológia sociálna |
| 610 | 2 | 0 | |a spolupráca hospodárska medzinárodná |
| 610 | 2 | 0 | |a organizácie obchodné |
| 700 | 1 | |a Zartman, I. William | |